00209nam a2200073Ia 4500008004100000082000800041100002800049245005800077240331s9999 xx 000 0 und d bPER aPerera, Vijaya Niranjan 4aThe P.R. electoral system in Sri Lanka :bAn analysis